[Event "BRA-ch 88th"]
[Site "Recife"]
[Date "2022.12.23"]
[Round "11"]
[White "Teixeira, Arthur Belfort"]
[Black "Fontoura, Alexandre Souza"]
[Result "0-1"]
[WhiteElo "1718"]
[BlackElo "1821"]
[PlyCount "52"]
[EventDate "2022.12.15"]
[EventType "swiss"]
[EventRounds "11"]
[EventCountry "BRA"]
[SourceTitle "CBM 212 Extra"]
[Source "ChessBase"]
[SourceDate "2023.03.31"]
[SourceVersion "1"]
[SourceVersionDate "2023.03.31"]
[SourceQuality "1"]

1. e4 c6 2. d4 g6 3. Nc3 Bg7 4. Bf4 Qb6 5. Nge2 Qxb2 6. g3 d6 7. Bg2 e5 8. dxe5 dxe5 9. Be3 Qa3 10. Qd2 Na6 11. 0-0 Be6 12. Rfd1 Nf6 13. Bh6 0-0 14. Rab1 b5 15. Bxg7 Kxg7 16. Qd6 Qxd6 17. Rxd6 Rac8 18. Nxb5 cxb5 19. Rxa6 Rxc2 20. Nc1 Rd8 21. Nb3 Ng4 22. Bh3 Nxf2 23. Bxe6 fxe6 24. Rxa7+ Kh6 25. Ra5 Nh3+ 26. Kh1 Rf8 0-1

[Event "BRA-ch 88th"]
[Site "Recife"]
[Date "2022.12.19"]
[Round "7"]
[White "Mathias, Carlos Augusto De C"]
[Black "Fontoura, Alexandre Souza"]
[Result "0-1"]
[WhiteElo "1486"]
[BlackElo "1821"]
[PlyCount "75"]
[EventDate "2022.12.15"]
[EventType "swiss"]
[EventRounds "11"]
[EventCountry "BRA"]
[SourceTitle "CBM 212 Extra"]
[Source "ChessBase"]
[SourceDate "2023.03.31"]
[SourceVersion "1"]
[SourceVersionDate "2023.03.31"]
[SourceQuality "1"]

1. e4 c6 2. Nc3 g6 3. Bc4 Bg7 4. Nge2 b5 5. Bb3 a5 6. a3 d6 7. 0-0 Nf6 8. d3 0-0 9. Nb1 Nbd7 10. f4 Qb6+ 11. Kh1 Ng4 12. Qe1 Ne3 13. Rf3 Ng4 14. h3 Ngf6 15. Be3 Qc7 16. Ng3 a4 17. Ba2 Rb8 18. c3 c5 19. d4 c4 20. Nd2 Bb7 21. Rc1 Rfe8 22. Rf1 e5 23. f5 d5 24. fxg6 hxg6 25. Bb1 Nh7 26. Qf2 Re7 27. Nf3 dxe4 28. Bxe4 f5 29. Bxb7 Rxb7 30. dxe5 Nxe5 31. Nxe5 Bxe5 32. Ne2 Nf6 33. Qf3 Ne4 34. Rfd1 Nc5 35. Bxc5 Qxc5 36. Rd8+ Kg7 37. Rd5 Qc7 38. Qf2 0-1

[Event "BRA-ch 88th"]
[Site "Recife"]
[Date "2022.12.16"]
[Round "2"]
[White "Fontoura, Alexandre Souza"]
[Black "Souza Neves, Andrey Marcelo"]
[Result "0-1"]
[WhiteElo "1821"]
[BlackElo "2081"]
[PlyCount "60"]
[EventDate "2022.12.15"]
[EventType "swiss"]
[EventRounds "11"]
[EventCountry "BRA"]
[SourceTitle "CBM 212 Extra"]
[Source "ChessBase"]
[SourceDate "2023.03.31"]
[SourceVersion "1"]
[SourceVersionDate "2023.03.31"]
[SourceQuality "1"]

1. d4 d5 2. Bf4 Nf6 3. e3 c5 4. c3 Nc6 5. Nd2 Qb6 6. Qb3 Bf5 7. dxc5 Qxb3 8. Nxb3 e5 9. Bg3 Ne4 10. Bb5 f6 11. Nf3 Nxc5 12. Nxc5 Bxc5 13. 0-0 Rd8 14. Rfd1 a6 15. Bf1 0-0 16. Rd2 Be6 17. a4 Na5 18. b4 Nb3 19. bxc5 Nxa1 20. Rb2 Rd7 21. Ne1 Rc8 22. Rb1 Rxc5 23. Rxa1 Rxc3 24. a5 Rdc7 25. Nd3 Bf5 26. Nb4 Rc1 27. Ra3 Rb1 28. Na2 Ra1 29. e4 Bxe4 30. f3 Bb1 0-1

[Event "Campo Grande CC 64"]
[Site "Campo Grande"]
[Date "2021.12.10"]
[Round "5"]
[White "Duailibe, Ricardo Miguel"]
[Black "Fontoura, Alexandre Souza"]
[Result "1/2-1/2"]
[WhiteElo "1847"]
[BlackElo "1850"]
[PlyCount "36"]
[EventDate "2021.12.10"]
[EventType "tourn"]
[EventRounds "9"]
[EventCountry "BRA"]
[SourceTitle "CBM 206 Extra"]
[Source "ChessBase"]
[SourceDate "2022.03.31"]
[SourceVersion "1"]
[SourceVersionDate "2022.03.31"]
[SourceQuality "1"]

1. e4 c5 2. d4 cxd4 3. Nf3 g6 4. Qxd4 Nf6 5. e5 Nc6 6. Qh4 Nxe5 7. Nxe5 Qa5+ 8. Nc3 Qxe5+ 9. Be2 d6 10. Bf4 Qa5 11. Bxd6 g5 12. Qd4 Qd8 13. Bb5+ Bd7 14. Qe5 Bg7 15. Bc7 Nh5 16. Qc5 Rc8 17. 0-0 Rxc7 18. Bxd7+ Rxd7 1/2-1/2

[Event "Campo Grande Radio Clube op 2nd"]
[Site "Campo Grande"]
[Date "2021.12.05"]
[Round "5"]
[White "Viana Monteiro, Paulo Vitor"]
[Black "Fontoura, Alexandre Souza"]
[Result "0-1"]
[WhiteElo "1789"]
[BlackElo "1850"]
[PlyCount "86"]
[EventDate "2021.12.02"]
[EventType "swiss"]
[EventRounds "5"]
[EventCountry "BRA"]
[SourceTitle "CBM 205 Extra"]
[Source "ChessBase"]
[SourceDate "2022.01.31"]
[SourceVersion "1"]
[SourceVersionDate "2022.01.31"]
[SourceQuality "1"]

1. e4 c6 2. Nf3 g6 3. Nc3 Bg7 4. Bc4 d6 5. 0-0 Nf6 6. h3 b5 7. Bb3 b4 8. Ne2 Nxe4 9. d3 Nc5 10. Re1 0-0 11. Ng3 a5 12. a3 Nxb3 13. cxb3 c5 14. axb4 cxb4 15. d4 Bb7 16. Ra2 Nd7 17. Bg5 f6 18. Bc1 Nb6 19. Qd3 e5 20. dxe5 dxe5 21. Qb5 Qd6 22. Rxa5 Rxa5 23. Qe2 Rd8 24. Ne4 Qd5 25. Ned2 Ba6 26. Nc4 Nxc4 27. bxc4 Bxc4 28. Qe3 Qc5 29. Qe4 Bd5 30. Qh4 Bxf3 31. gxf3 Ra1 32. Bd2 Rxe1+ 33. Bxe1 Rd1 34. Qe4 Bf8 35. Kg2 Qd4 36. Qc6 Rxe1 37. Qxf6 Qf4 38. Qe6+ Qf7 39. Qg4 e4 40. f4 Qd5 41. h4 e3+ 42. Kg3 Rg1+ 43. Kh3 Qh1# 0-1

[Event "BRA-ch 87th"]
[Site "Cuiaba"]
[Date "2021.11.03"]
[Round "10"]
[White "Andrade, Roberto Luiz Costa"]
[Black "Fontoura, Alexandre Souza"]
[Result "1-0"]
[WhiteElo "2060"]
[BlackElo "1873"]
[PlyCount "27"]
[EventDate "2021.10.28"]
[EventType "swiss"]
[EventRounds "11"]
[EventCountry "BRA"]
[SourceTitle "CBM 205 Extra"]
[Source "ChessBase"]
[SourceDate "2022.01.31"]
[SourceVersion "1"]
[SourceVersionDate "2022.01.31"]
[SourceQuality "1"]

1. e4 c6 2. d4 g6 3. Nc3 Bg7 4. Nf3 d6 5. Be2 Nd7 6. Bg5 Qa5 7. 0-0 e5 8. Qd2 Ndf6 9. dxe5 dxe5 10. Qd6 Be6 11. Rfd1 Bf8 12. Qxe5 Qxe5 13. Nxe5 Nxe4 14. Nxe4 1-0

[Event "BRA-ch 87th"]
[Site "Cuiaba"]
[Date "2021.11.02"]
[Round "9"]
[White "Fontoura, Alexandre Souza"]
[Black "Boabaid, Jorge Alberto Duard"]
[Result "1-0"]
[WhiteElo "1873"]
[BlackElo "1712"]
[PlyCount "85"]
[EventDate "2021.10.28"]
[EventType "swiss"]
[EventRounds "11"]
[EventCountry "BRA"]
[SourceTitle "CBM 205 Extra"]
[Source "ChessBase"]
[SourceDate "2022.01.31"]
[SourceVersion "1"]
[SourceVersionDate "2022.01.31"]
[SourceQuality "1"]

1. e4 c5 2. Nf3 d6 3. d4 cxd4 4. Nxd4 Nf6 5. Nc3 a6 6. h3 Nc6 7. Be3 e6 8. g4 Be7 9. Bg2 Qc7 10. 0-0 0-0 11. Nce2 Bd7 12. c4 Nxd4 13. Qxd4 Bc6 14. Rac1 Nd7 15. b4 Qb8 16. f4 f5 17. Nc3 Bf6 18. Qd3 Bxc3 19. Rxc3 Bxe4 20. Bxe4 fxe4 21. Qxe4 Re8 22. g5 Qc8 23. Rd3 a5 24. a3 axb4 25. axb4 Ra4 26. Rb1 Qc7 27. Qd4 Nf8 28. Bd2 d5 29. cxd5 exd5 30. Qxd5+ Kh8 31. Rc1 Qb6+ 32. Qc5 Qa6 33. b5 Qg6 34. Re3 h6 35. Rxe8 Qxe8 36. Re1 Qd8 37. gxh6 gxh6 38. Bc3+ Kg8 39. Qe5 Qb6+ 40. Kh1 Ne6 41. f5 Nd4 42. Qe8+ Kg7 43. Re7+ 1-0

[Event "BRA-ch 87th"]
[Site "Cuiaba"]
[Date "2021.11.02"]
[Round "8"]
[White "Olivo, Anibal Ribeiro"]
[Black "Fontoura, Alexandre Souza"]
[Result "1/2-1/2"]
[WhiteElo "1588"]
[BlackElo "1873"]
[PlyCount "73"]
[EventDate "2021.10.28"]
[EventType "swiss"]
[EventRounds "11"]
[EventCountry "BRA"]
[SourceTitle "CBM 205 Extra"]
[Source "ChessBase"]
[SourceDate "2022.01.31"]
[SourceVersion "1"]
[SourceVersionDate "2022.01.31"]
[SourceQuality "1"]

1. e4 g6 2. d4 Bg7 3. Nc3 d6 4. Be3 a6 5. Nf3 b5 6. Bd3 Nd7 7. a3 Bb7 8. Qd2 c5 9. d5 Nb6 10. Rb1 h5 11. 0-0 Nf6 12. h3 Bc8 13. b3 Nfd7 14. Nh2 Ne5 15. f4 Nxd3 16. cxd3 f5 17. Nf3 e6 18. dxe6 Bxe6 19. Ng5 Qf6 20. exf5 Bxf5 21. Ne2 Nd5 22. Ng3 0-0 23. Nxf5 Qxf5 24. Kh1 Rae8 25. Rbe1 Bc3 26. Qf2 Bxe1 27. Rxe1 Qxd3 28. Bd2 Qf5 29. Re2 Qb1+ 30. Kh2 Qf5 31. Qe1 Rxe2 32. Qxe2 Nxf4 33. Qe7 Rf6 34. Qe8+ Kg7 35. Qe7+ Kg8 36. Qe8+ Rf8 37. Qe7 1/2-1/2

[Event "BRA-ch 87th"]
[Site "Cuiaba"]
[Date "2021.10.29"]
[Round "2"]
[White "Braga, Marcelo Melem"]
[Black "Fontoura, Alexandre Souza"]
[Result "0-1"]
[WhiteElo "1531"]
[BlackElo "1873"]
[PlyCount "56"]
[EventDate "2021.10.28"]
[EventType "swiss"]
[EventRounds "11"]
[EventCountry "BRA"]
[SourceTitle "CBM 205 Extra"]
[Source "ChessBase"]
[SourceDate "2022.01.31"]
[SourceVersion "1"]
[SourceVersionDate "2022.01.31"]
[SourceQuality "1"]

1. d4 e6 2. c4 f5 3. a3 Nf6 4. Bg5 Be7 5. Nc3 b6 6. Nf3 Bb7 7. e3 h6 8. Bxf6 Bxf6 9. e4 g6 10. g3 0-0 11. Bh3 Bg7 12. Qd2 c5 13. Ne5 Kh7 14. 0-0 d6 15. Nf3 fxe4 16. Nh4 g5 17. Ng2 Qf6 18. Rad1 d5 19. Rfe1 Nc6 20. cxd5 Nxd4 21. Nxe4 Nf3+ 22. Kh1 Qg6 23. Qe2 Qh5 24. Nd2 Bxd5 25. Qd3+ Kh8 26. Nxf3 Rxf3 27. Re3 Rxe3 28. fxe3 Qxh3 0-1

[Event "Campo Grande op 5th"]
[Site "Campo Grande"]
[Date "2019.11.30"]
[Round "4"]
[White "Chang, Suzana"]
[Black "Fontoura, Alexandre Souza"]
[Result "1-0"]
[WhiteElo "2052"]
[BlackElo "1872"]
[PlyCount "87"]
[EventDate "2019.11.28"]
[EventType "swiss"]
[EventRounds "6"]
[EventCountry "BRA"]
[SourceTitle "CBM 193 Extra"]
[Source "ChessBase"]
[SourceDate "2020.01.31"]
[SourceVersion "1"]
[SourceVersionDate "2020.01.31"]
[SourceQuality "1"]

1. e4 c6 2. d4 g6 3. Nc3 Bg7 4. Nf3 d6 5. h3 Nf6 6. a4 0-0 7. Be2 Qc7 8. Be3 e5 9. 0-0 Nh5 10. dxe5 dxe5 11. Nd2 Nf4 12. Bc4 Kh8 13. Re1 f5 14. Bf1 Ne6 15. f3 f4 16. Bf2 g5 17. Ncb1 Rd8 18. c3 Nd7 19. Qc2 Nf6 20. Be2 h5 21. Kf1 Rg8 22. Na3 Bh6 23. Bc4 Rg6 24. Ke2 g4 25. hxg4 hxg4 26. Rh1 Kg7 27. Rac1 a6 28. Qb3 Nf8 29. Qb6 Qxb6 30. Bxb6 N8d7 31. Bf2 b5 32. Bb3 Nf8 33. Nc2 Be6 34. Ra1 g3 35. Bxe6 Nxe6 36. Bg1 Nd7 37. b4 Bg5 38. Nb3 Bd8 39. axb5 cxb5 40. Rd1 Nb6 41. Bxb6 Bxb6 42. Rd7+ Kg8 43. Rh5 Nf8 44. Rd5 1-0

[Event "Campo Grande op 5th"]
[Site "Campo Grande"]
[Date "2019.11.30"]
[Round "3"]
[White "Fontoura, Alexandre Souza"]
[Black "Jabour, Rodrigo Vila"]
[Result "1-0"]
[WhiteElo "1872"]
[BlackElo "1626"]
[PlyCount "63"]
[EventDate "2019.11.28"]
[EventType "swiss"]
[EventRounds "6"]
[EventCountry "BRA"]
[SourceTitle "CBM 193 Extra"]
[Source "ChessBase"]
[SourceDate "2020.01.31"]
[SourceVersion "1"]
[SourceVersionDate "2020.01.31"]
[SourceQuality "1"]

1. d4 Nf6 2. c4 e6 3. Nc3 h6 4. e4 d6 5. f4 Be7 6. Nf3 Nbd7 7. e5 dxe5 8. fxe5 Nh7 9. Be2 0-0 10. Bf4 c6 11. Qd2 g5 12. Be3 f6 13. exf6 Bxf6 14. Ne4 Be7 15. c5 Ndf6 16. Ng3 Nd5 17. 0-0 Nxe3 18. Qxe3 Nf6 19. Bc4 Nd5 20. Qe4 Qe8 21. Ne5 Kg7 22. Bd3 Rf5 23. Nxf5+ exf5 24. Qe1 f4 25. Nc4 Qf8 26. Qe4 Qf5 27. Qxf5 Bxf5 28. Bxf5 Kf6 29. Be4 b5 30. Bxd5 cxd5 31. Ne5 Bxc5 32. Nd7+ 1-0

[Event "Campo Grande op 5th"]
[Site "Campo Grande"]
[Date "2019.11.29"]
[Round "2"]
[White "Fedrizzi, Roberto Senatore"]
[Black "Fontoura, Alexandre Souza"]
[Result "1/2-1/2"]
[WhiteElo "1972"]
[BlackElo "1872"]
[PlyCount "25"]
[EventDate "2019.11.28"]
[EventType "swiss"]
[EventRounds "6"]
[EventCountry "BRA"]
[SourceTitle "CBM 193 Extra"]
[Source "ChessBase"]
[SourceDate "2020.01.31"]
[SourceVersion "1"]
[SourceVersionDate "2020.01.31"]
[SourceQuality "1"]

1. d4 d5 2. c4 c6 3. e3 Nf6 4. Nf3 Bg4 5. Nc3 e6 6. a3 Bd6 7. h3 Bh5 8. Bd3 Bg6 9. 0-0 Nbd7 10. b4 dxc4 11. Bxc4 0-0 12. Bb2 Qe7 13. Bd3 1/2-1/2

[Event "Lagoas op 4th"]
[Site "Lagoas"]
[Date "2019.09.29"]
[Round "4"]
[White "Fontoura, Alexandre Souza"]
[Black "Rainho, Caio Gisse"]
[Result "1-0"]
[WhiteElo "1875"]
[BlackElo "1824"]
[PlyCount "38"]
[EventDate "2019.09.27"]
[EventType "swiss"]
[EventRounds "5"]
[EventCountry "BRA"]
[SourceTitle "EXT 2020"]
[Source "ChessBase"]
[SourceDate "2019.10.17"]
[SourceVersion "1"]
[SourceVersionDate "2019.10.17"]
[SourceQuality "1"]

1. Nf3 Nf6 2. d4 d5 3. g3 e6 4. Bg2 Bd6 5. 0-0 0-0 6. Bf4 Bxf4 7. gxf4 Ne4 8. Nbd2 Nxd2 9. Qxd2 Nd7 10. Qd3 f6 11. Bh3 Nb6 12. Kh1 Qe7 13. b3 Bd7 14. Rg1 c6 15. Rg3 e5 16. dxe5 fxe5 17. fxe5 Bxh3 18. Rxh3 g6 19. Rg1 Rf5 1-0

[Event "Campo Grande Clube Capablanca 31 Anos"]
[Site "Campo Grande"]
[Date "2016.07.09"]
[Round "4.3"]
[White "Jabour, Rodrigo Vila"]
[Black "Fontoura, Alexandre Souza"]
[Result "0-1"]
[WhiteElo "1719"]
[BlackElo "1873"]
[PlyCount "96"]
[EventDate "2016.07.08"]
[EventType "swiss"]
[EventRounds "5"]
[EventCountry "BRA"]
[SourceTitle "EXT 2022"]
[Source "ChessBase"]
[SourceDate "2021.10.06"]
[SourceVersion "1"]
[SourceVersionDate "2021.10.06"]
[SourceQuality "1"]

1. d4 Nf6 2. c4 e6 3. Nc3 b6 4. e4 Bb7 5. Bd3 Bb4 6. f3 0-0 7. Nge2 Ne8 8. a3 Be7 9. Bf4 d6 10. d5 e5 11. Bg3 Bc8 12. h4 g6 13. Qd2 Ng7 14. 0-0-0 Nh5 15. Bf2 f5 16. exf5 gxf5 17. g4 fxg4 18. Kb1 Rxf3 19. Qh6 Nf6 20. Ne4 Rxd3 21. Nxf6+ Bxf6 22. Rxd3 Bf5 23. Qe3 Nd7 24. Ka1 Nc5 25. Rdd1 a5 26. Ng3 Bc2 27. Rdg1 Qe8 28. Ne2 h5 29. Qh6 Bg7 30. Qg5 Ne4 31. Qe3 Qa4 32. Be1 Qxc4 33. Nc3 Nc5 34. Qg5 Nb3+ 35. Ka2 Nd4+ 36. Ka1 Bf5 37. Qxh5 Rf8 38. Rxg4 Bxg4 39. Qxg4 Nb3+ 40. Kb1 Qxg4 41. Kc2 a4 42. h5 Qg2+ 43. Kd3 Qxh1 44. Bd2 Rf3+ 45. Be3 Qf1+ 46. Ne2 Nc5+ 47. Kd2 Rxe3 48. Kxe3 Bh6+ 0-1

[Event "Florianopolis op 2nd"]
[Site "Florianopolis"]
[Date "2016.01.19"]
[Round "6"]
[White "Fontoura, Alexandre Souza"]
[Black "Kikuchi Cadilhac, Mariana Sawae"]
[Result "1-0"]
[WhiteElo "1932"]
[BlackElo "1528"]
[PlyCount "59"]
[EventDate "2016.01.16"]
[EventType "swiss"]
[EventRounds "10"]
[EventCountry "BRA"]
[SourceTitle "CBM 170 Extra"]
[Source "ChessBase"]
[SourceDate "2016.02.25"]
[SourceVersion "1"]
[SourceVersionDate "2016.02.25"]
[SourceQuality "1"]

1. d4 f5 2. Nc3 e6 3. e4 d6 4. Nf3 Be7 5. exf5 exf5 6. Bc4 h6 7. 0-0 c6 8. d5 c5 9. Re1 Nf6 10. Nh4 g5 11. Ng6 Rh7 12. f4 g4 13. Qd3 a6 14. a4 Qd7 15. Bd2 Kd8 16. a5 Qe8 17. Nxe7 Rxe7 18. Na4 Rxe1+ 19. Bxe1 Bd7 20. Nb6 Ra7 21. Bh4 Qg6 22. Qc3 Ke7 23. Re1+ Kf7 24. Nxd7 Nbxd7 25. Re6 Ra8 26. Rxd6 Rf8 27. Re6 Kg8 28. d6 Kh7 29. Re7+ Kh8 30. Rxd7 1-0

[Event "Florianopolis op 2nd"]
[Site "Florianopolis"]
[Date "2016.01.17"]
[Round "2"]
[White "Fontoura, Alexandre Souza"]
[Black "Villalba, Marcelo"]
[Result "0-1"]
[WhiteElo "1932"]
[BlackElo "2244"]
[PlyCount "46"]
[EventDate "2016.01.16"]
[EventType "swiss"]
[EventRounds "10"]
[EventCountry "BRA"]
[SourceTitle "CBM 170 Extra"]
[Source "ChessBase"]
[SourceDate "2016.02.25"]
[SourceVersion "1"]
[SourceVersionDate "2016.02.25"]
[SourceQuality "1"]

1. d4 e6 2. c4 Nf6 3. Nc3 d5 4. cxd5 exd5 5. Bg5 Be7 6. e3 Nbd7 7. Bd3 c6 8. Qc2 Nh5 9. Bxe7 Qxe7 10. Nge2 Nb6 11. 0-0 g6 12. Rab1 0-0 13. b4 a6 14. Na4 Nxa4 15. Qxa4 f5 16. g3 g5 17. Qc2 f4 18. exf4 gxf4 19. Rfe1 Qg7 20. Qc5 Qf6 21. Rb2 Bh3 22. Nc1 fxg3 23. fxg3 Rae8 0-1

[Event "Florianopolis op 2nd"]
[Site "Florianopolis"]
[Date "2016.01.17"]
[Round "3"]
[White "Resende, Lucas B Massucato"]
[Black "Fontoura, Alexandre Souza"]
[Result "1/2-1/2"]
[WhiteElo "1661"]
[BlackElo "1932"]
[PlyCount "30"]
[EventDate "2016.01.16"]
[EventType "swiss"]
[EventRounds "10"]
[EventCountry "BRA"]
[SourceTitle "CBM 170 Extra"]
[Source "ChessBase"]
[SourceDate "2016.02.25"]
[SourceVersion "1"]
[SourceVersionDate "2016.02.25"]
[SourceQuality "1"]

1. d4 e6 2. c4 f5 3. Nc3 Nf6 4. Nf3 d5 5. g3 c6 6. Bg2 Bd6 7. cxd5 exd5 8. 0-0 0-0 9. Bg5 Qe8 10. Bxf6 Rxf6 11. e3 Nd7 12. Rc1 Nf8 13. Re1 Qh5 14. Nd2 Qh6 15. f3 Rf7 1/2-1/2

[Event "Estadual-ch m FESMAX XXX"]
[Site "Campo Grande"]
[Date "2015.12.28"]
[Round "1.1"]
[White "Dos Santos Dutra, Fernando Junior Fre"]
[Black "Fontoura, Alexandre Souza"]
[Result "1-0"]
[WhiteElo "2239"]
[BlackElo "2139"]
[PlyCount "43"]
[EventDate "2015.12.18"]
[EventType "tourn"]
[EventRounds "7"]
[EventCountry "BRA"]
[SourceTitle "EXT 2022"]
[Source "ChessBase"]
[SourceDate "2021.10.06"]
[SourceVersion "1"]
[SourceVersionDate "2021.10.06"]
[SourceQuality "1"]

1. f4 d5 2. Nf3 Nf6 3. c4 c6 4. e3 Bg4 5. h3 Bxf3 6. Qxf3 e6 7. Nc3 Nbd7 8. d4 Bb4 9. Bd3 g6 10. Bd2 Qe7 11. a3 Ba5 12. 0-0 0-0 13. Nxd5 exd5 14. Bxa5 Rfe8 15. Rae1 Ne4 16. cxd5 cxd5 17. Rc1 f5 18. Rc7 b6 19. Bb4 Qd8 20. Rb7 a5 21. Bb5 Ndf6 22. Bxe8 1-0

[Event "Estadual-ch m FESMAX XXX"]
[Site "Campo Grande"]
[Date "2015.12.28"]
[Round "2.1"]
[White "Fontoura, Alexandre Souza"]
[Black "De Sa, Edivaldo Alves"]
[Result "0-1"]
[WhiteElo "1932"]
[BlackElo "1971"]
[PlyCount "58"]
[EventDate "2015.12.18"]
[EventType "tourn"]
[EventRounds "7"]
[EventCountry "BRA"]
[SourceTitle "EXT 2022"]
[Source "ChessBase"]
[SourceDate "2021.10.06"]
[SourceVersion "1"]
[SourceVersionDate "2021.10.06"]
[SourceQuality "1"]

1. d4 c5 2. Nf3 cxd4 3. Nxd4 Nc6 4. g3 Nf6 5. Bg2 Qb6 6. c3 d5 7. 0-0 e5 8. Nf3 Bc5 9. b4 Be7 10. a3 0-0 11. Be3 Qc7 12. h3 Bf5 13. Nh4 Be6 14. Qc2 Qc8 15. Kh2 e4 16. f4 exf3 17. Nxf3 Nh5 18. Ng5 Bxg5 19. Bxg5 h6 20. Be3 Qc7 21. Bf2 Ne5 22. Nd2 Rac8 23. Rac1 f5 24. e3 g5 25. Nb3 f4 26. Nd4 fxg3+ 27. Bxg3 Nxg3 28. Rxf8+ Rxf8 29. Nxe6 Ng4+ 0-1

[Event "Estadual-ch m FESMAX XXX"]
[Site "Campo Grande"]
[Date "2015.12.18"]
[Round "6.1"]
[White "Fontoura, Alexandre Souza"]
[Black "Gazineu Neto, Rubens"]
[Result "0-1"]
[WhiteElo "1932"]
[BlackElo "1932"]
[PlyCount "82"]
[EventDate "2015.12.18"]
[EventType "tourn"]
[EventRounds "7"]
[EventCountry "BRA"]
[SourceTitle "EXT 2022"]
[Source "ChessBase"]
[SourceDate "2021.10.06"]
[SourceVersion "1"]
[SourceVersionDate "2021.10.06"]
[SourceQuality "1"]

1. e4 c5 2. Nc3 Nc6 3. g3 g6 4. Bg2 Bg7 5. Nge2 d6 6. d3 Nf6 7. h3 Bd7 8. 0-0 0-0 9. Be3 Rb8 10. Qd2 Re8 11. g4 b5 12. Ng3 b4 13. Nce2 Bc8 14. f4 Bb7 15. f5 Nd7 16. fxg6 hxg6 17. c4 bxc3 18. bxc3 Nde5 19. Rac1 Ba6 20. c4 Nb4 21. Nf4 Qa5 22. Rf2 Qa3 23. Bf1 e6 24. g5 Rb6 25. Kg2 Reb8 26. d4 cxd4 27. Bxd4 R6b7 28. Bb2 Qa5 29. Bc3 Qc7 30. Bxb4 Rxb4 31. Nd3 Nxd3 32. Bxd3 Qc5 33. Qf4 R8b7 34. Rcf1 Be5 35. Qg4 Bxc4 36. Bxc4 Qxc4 37. Rf6 Bxg3 38. Kxg3 Qxe4 39. R6f4 Qe3+ 40. R1f3 Qe1+ 41. Rf2 Qe5 0-1

[Event "Campo Grande Brasil op"]
[Site "Campo Grande"]
[Date "2015.10.12"]
[Round "7"]
[White "Fontoura, Alexandre Souza"]
[Black "Cabral Teske, Luiz Fernando"]
[Result "1-0"]
[WhiteElo "1913"]
[BlackElo "2015"]
[PlyCount "91"]
[EventDate "2015.10.09"]
[EventType "swiss"]
[EventRounds "7"]
[EventCountry "BRA"]
[SourceTitle "CBM 168 Extra"]
[Source "ChessBase"]
[SourceDate "2015.10.29"]
[SourceVersion "1"]
[SourceVersionDate "2015.10.29"]
[SourceQuality "1"]

1. e4 c5 2. Nc3 d6 3. f4 Nc6 4. Nf3 g6 5. Bb5 Bg7 6. 0-0 Bd7 7. Bxc6 bxc6 8. d3 Rb8 9. Qe1 e6 10. Rb1 Qb6 11. Be3 Bd4 12. b3 Ne7 13. Nxd4 cxd4 14. Na4 Qb4 15. c3 dxc3 16. Bxa7 Ra8 17. Be3 d5 18. Bc5 Qa5 19. Bd4 c2 20. Qxa5 Rxa5 21. Rbc1 0-0 22. Bc5 Re8 23. Rxc2 Bc8 24. Rd1 Ba6 25. g4 Bb5 26. Bb4 Rxa4 27. bxa4 Bxa4 28. Rdc1 Bxc2 29. Rxc2 dxe4 30. dxe4 c5 31. Rxc5 Ra8 32. a3 f5 33. gxf5 exf5 34. Rc7 Nc8 35. e5 Nb6 36. Rc5 Rc8 37. Rxc8+ Nxc8 38. Kf2 Nb6 39. Ke3 Nd5+ 40. Kf3 Kf7 41. Bc5 Ke6 42. a4 Nc7 43. Bd6 Na6 44. Kg3 h6 45. h4 Kf7 46. h5 1-0

[Event "Campo Grande Brasil op"]
[Site "Campo Grande"]
[Date "2015.10.11"]
[Round "5"]
[White "Fontoura, Alexandre Souza"]
[Black "Cespedes, Roman Josemar"]
[Result "1-0"]
[WhiteElo "1913"]
[BlackElo "1857"]
[PlyCount "143"]
[EventDate "2015.10.09"]
[EventType "swiss"]
[EventRounds "7"]
[EventCountry "BRA"]
[SourceTitle "CBM 168 Extra"]
[Source "ChessBase"]
[SourceDate "2015.10.29"]
[SourceVersion "1"]
[SourceVersionDate "2015.10.29"]
[SourceQuality "1"]

1. Nf3 Nf6 2. d4 d5 3. g3 c6 4. Bg2 Qb6 5. 0-0 Bf5 6. Nbd2 e6 7. c4 Be7 8. b3 0-0 9. Bb2 a5 10. a3 Nbd7 11. c5 Qc7 12. b4 b6 13. Nb3 a4 14. cxb6 Nxb6 15. Nbd2 Rfc8 16. Rc1 Qd6 17. Ne5 Nfd7 18. e4 Bg6 19. Nxg6 hxg6 20. e5 Qb8 21. f4 Ra7 22. Rc3 Rac7 23. g4 Qa7 24. Rh3 f6 25. Qe1 Nf8 26. Kh1 f5 27. gxf5 gxf5 28. Bf3 g6 29. Rg1 Kf7 30. Rg2 Ke8 31. Rh8 Kd7 32. Be2 Rd8 33. Rg3 Kc8 34. Rc3 g5 35. Qc1 Qb7 36. Rh6 gxf4 37. Nf3 Kb8 38. Qxf4 Ka7 39. Rc1 Rdd7 40. Rg1 Bd8 41. Rg8 Rf7 42. Nd2 Nbd7 43. Bh5 Re7 44. Rhh8 Rc8 45. Qh6 Qb5 46. Qe3 Qb7 47. Bc1 Bb6 48. Nf3 Qa6 49. Ng1 Qc4 50. Ne2 Rc7 51. Bd2 Qc2 52. Qc3 Qxc3 53. Bxc3 Nh7 54. Nf4 Nhf8 55. h4 Kb7 56. Bd1 Ba7 57. h5 Nxe5 58. Rxf8 Nc4 59. Re8 e5 60. Ne6 Rxe8 61. Rxe8 Rh7 62. dxe5 Ne3 63. Be2 Ng4 64. Bxg4 fxg4 65. Nf4 Be3 66. Rf8 d4 67. Be1 d3 68. e6 Bxf4 69. Rf7+ Rxf7 70. exf7 Bh6 71. Bd2 Bf8 72. h6 1-0

[Event "Campo Grande Brasil op"]
[Site "Campo Grande"]
[Date "2015.10.11"]
[Round "4"]
[White "Fontoura, Alexandre Souza"]
[Black "Gazineu Neto, Rubens"]
[Result "1/2-1/2"]
[WhiteElo "1913"]
[BlackElo "2021"]
[PlyCount "112"]
[EventDate "2015.10.09"]
[EventType "swiss"]
[EventRounds "7"]
[EventCountry "BRA"]
[SourceTitle "CBM 168 Extra"]
[Source "ChessBase"]
[SourceDate "2015.10.29"]
[SourceVersion "1"]
[SourceVersionDate "2015.10.29"]
[SourceQuality "1"]

1. e4 c5 2. Nc3 Nc6 3. g3 g6 4. Bg2 Bg7 5. f4 d6 6. d3 Nf6 7. Nge2 Bg4 8. h3 Bxe2 9. Nxe2 Rc8 10. 0-0 0-0 11. c3 e6 12. Be3 b6 13. d4 cxd4 14. cxd4 d5 15. e5 Nd7 16. Rc1 b5 17. g4 Bh6 18. Qd2 Nb6 19. b3 Ne7 20. Qd3 Qd7 21. Rce1 Kh8 22. Ng3 Rc7 23. f5 Bxe3+ 24. Rxe3 exf5 25. gxf5 b4 26. e6 fxe6 27. fxe6 Qe8 28. Ref3 Rxf3 29. Qxf3 Ng8 30. Qf4 Qe7 31. Qe5+ Qg7 32. Rf7 Qxe5 33. dxe5 Re7 34. Rxe7 Nxe7 35. Kf2 Kg8 36. Ke3 Nc6 37. Kf4 a6 38. h4 Kf8 39. h5 gxh5 40. Nxh5 Ke7 41. Bh3 Nd4 42. Ng7 a5 43. Nf5+ Nxf5 44. Bxf5 a4 45. Ke3 axb3 46. axb3 Na8 47. Kd4 Nc7 48. Kc5 Nxe6+ 49. Kxd5 Ng5 50. Kc4 h5 51. Kxb4 h4 52. Kc5 h3 53. Bxh3 Nxh3 54. Kc6 Ng5 55. b4 Ne6 56. b5 Nd4+ 1/2-1/2